Hanna-Barbera Character Match-Up Quiz Stats

 Plays Quiz Updated May 14, 2015

Challenge
Share
Tweet
Score 0/35 Timer 06:00
0 Plays Today
% Correct
Fred
96.5%
Scooby
96.4%
Yogi
95.7%
Barney
88.9%
Quick Draw
86.3%
Huckleberry
85.3%
Elroy
84.7%
Johnny
82.2%
Atom
78.4%
Dick
75.3%
Magilla
73.8%
Mojo
72%
Hong Kong
71.9%
Captain
70.7%
Top
67.7%
Grape
65.3%
Great
63.4%
Hardy
63.4%
% Correct
Penelope
62.4%
Velma
62%
Loopy
61.6%
Space
59.9%
Ricochet
59%
Frankenstein
54.9%
Secret
53.9%
Augie
53.6%
Squiddly
52.9%
Touché
46.9%
Morocco
46.8%
Wally
45.9%
Doggie
45.7%
Speed
45%
Punkin
44%
Blabber
43%
Harvey
39.5%

You're not logged in!

Compare scores with friends on all Sporcle quizzes.
Join for Free
OR
Log In

You Might Also Like...

Show Comments

Extras

Top Quizzes Today


Score Distribution

Your Account Isn't Verified!

In order to create a playlist on Sporcle, you need to verify the email address you used during registration. Go to your Sporcle Settings to finish the process.

Report this User

Report this user for behavior that violates our Community Guidelines.

Details: